000 01540nam a2200289 i 4500
001 80213
003 ES-MaACL
005 20230906174150.0
007 t|
008 041027m19801984sp ||||1| spa d
020 _a84-7426-078-7
080 _a008(38)
080 _a938
245 0 0 _aHistoria y civilización de los griegos /
_cdirector, Ranuccio Bianchi Bandinelli ; redactores, Luigi Moretti ... [et al.] ; [traducción, Pepa Gasull ... et al.].
250 _a1ª ed.
260 _aBarcelona :
_bIcaria,
_c1980-1984.
300 _a10 v. :
_bil. ;
_c24 cm.
504 _aBibliografía.
505 8 _aContiene: I. Orígenes y desarrollo de la ciudad: el medioevo griego -- II. Orígenes y desarrollo de la ciudad: el arcaísmo -- III. Grecia en la época de Pericles: historia, literatura, filosofía -- IV. Grecia en la época de Pericles: las artes figurativas -- V. La crisis de la polis: historia, literatura, filosofía -- VI. La crisis de la polis: arte, religión, música -- VII. La sociedad helenística: marco político -- VIII. La sociedad helenística: economía, derecho, religión -- IX. La cultura helenística: filosofía, ciencia, literatura -- X. La cultura helenísitca: las artes figurativas
595 _aEd. homenaje a Jaume Berenguer i Amenos (1916-1974)
650 4 _aCivilización griega.
_9137206
651 4 _aGrecia-
_xHistoria.
_98777
700 1 _aBianchi Bandinelli, Ranuccio.
_928747
700 1 _aMoretti, Luigi.
_983488
700 1 _aGasull, Pepa.
_955952
852 _aES-MaACL
_jL-10038-47
999 _c80213
_d80213